| 000 | 00882nam a22002897a 4500 | ||
|---|---|---|---|
| 003 | CHAP | ||
| 005 | 20220329143531.0 | ||
| 008 | 100415s1972 us a r 00010 eng d | ||
| 010 | _a98144 | ||
| 011 | _a99116 | ||
| 035 | _a109801 | ||
| 040 | _cCHAP | ||
| 082 | 1 | 4 |
_a582.13 _bC54 |
| 100 | 1 |
_aClark, Phil _923632 |
|
| 245 | 1 | 2 |
_aA flower lover's guide to México _c/por Phil Clark |
| 260 |
_aMéxico, D.F. : _bMinutiae, _c1972 |
||
| 300 |
_a128 p. : _bilus. |
||
| 590 |
_aBATCH-UPD _b10 _c20130110 _lUCH01 _h1254 |
||
| 590 |
_aBATCH-UPD _b10 _c20130410 _lUCH01 _h0815 |
||
| 590 |
_aBATCH-UPD _b10 _c20130914 _lUCH01 _h0946 |
||
| 590 |
_aCONVERSION _b10 _c20130109 _lUCH01 _h1354 |
||
| 650 | 1 | 4 |
_aFlores _xIdentificación. _941382 |
| 650 | 1 | 4 |
_aFlores _xMéxico. _941390 |
| 901 | _aBK | ||
| 942 | _cLIBRO | ||
| 949 |
_a582.13 C54 _bBC _cLIBRO _d33724002162538 _eLIBRO _gI.c/e _h112297 _i109801 _sb |
||
| 999 |
_c98144 _d98144 |
||